| 000 | 00725nam a2200229Ia 4500 | ||
|---|---|---|---|
| 003 | OSt | ||
| 005 | 20260123092934.0 | ||
| 008 | 210210b1957 xxu||||| |||| 00| 0 eng d | ||
| 040 | _cAL | ||
| 041 | _aKannada | ||
| 082 | _a858/114 | ||
| 100 |
_aBALAKRASHNA SURENDRA DANI _dಬಾಲಕೃಷ್ಣ ಸುರೇಂದ್ರ ದಾನಿ _9252313 |
||
| 245 |
_aKannada sahitya sammelanada kathe _b ಕನ್ನಡ ಸಾಹಿತ್ಯ ಸಮ್ಮೇಳನದ ಕಥೆ |
||
| 260 |
_aDhAravADa _bSamaja Pustakalalya _c1957 |
||
| 650 |
_asammELanada _9252314 |
||
| 650 |
_asAhitya _9252315 |
||
| 650 |
_akathe _9252316 |
||
| 650 |
_aKannaDa _9252317 |
||
| 690 |
_aBiography _9252318 |
||
| 906 | _a020657 | ||
| 942 |
_2ddc _cBK |
||
| 999 |
_c144811 _d144811 |
||